Philosophie Der Araber Im X. Jahrhundert N Chr (Record no. 5100)

MARC details
000 -LEADER
fixed length control field 00644nam a2200241 a 4500
020 ## - INTERNATIONAL STANDARD BOOK NUMBER
ISBN
082 00 - DEWEY DECIMAL CLASSIFICATION NUMBER
Classification number 181.07
Author Cutter DIE3
100 ## - MAIN ENTRY--AUTHOR NAME
Author name Dieterici, Friedrich
245 ## - TITLE STATEMENT
Title Philosophie Der Araber Im X. Jahrhundert N Chr
260 ## - PUBLICATION, DISTRIBUTION, ETC. (IMPRINT)
Place of publication Leipzig
Name of publisher J. C. Hinrichs`sche Buchhandlung.
Year of publication 1876
300 ## - PHYSICAL DESCRIPTION
Number of Pages 227p
500 ## - GENERAL NOTE
General note includes index and biblioraphy
505 2# - FORMATTED CONTENTS NOTE
Formatted contents note Von Al-Ghazali`s Hauptwerk
650 ## - SUBJECT ADDED ENTRY--TOPICAL TERM
Topical Term Philosophy-Islamic
942 ## - ADDED ENTRY ELEMENTS (KOHA)
Koha item type Books
700 1# -
-- Dieterici, Friedrich
Holdings
Home library Current library Date acquired Cost, normal purchase price Full call number Accession Number Koha item type
Henry Martyn Institute Library Henry Martyn Institute Library   100.00 181.07 DIE3 6825 Archive Book
Henry Martyn Institute Library Henry Martyn Institute Library   100.00 181.07 DIE3 6826 Archive Book
                   Copyright © 2026 | Henry Martyn Institute | Hyderabad | TS-500052 | INDIA | Implemented by hmi.edu.in
Hit-Count:

Powered by Koha